000 01048cam a22003131 4500
001 16738
003 BD-RjUL
005 20211209000038.0
008 140215s1965 ne a b 001 0 eng
035 _a(BD-RjUL)16793
040 _aDLC/ICU
_cICU
_dDLC
_dBD-RjUL
_beng
041 _aeng
082 0 0 _a668.3
_bADH
100 1 _aDe Bruyne, Norman A.
_q(Norman Adrian),
_d1904-
_949756
245 0 0 _aAdhesion and adhesives,
_cedited by R. Houwink and G. Salomon.
_nVolume 1
250 _a2d completely rev. ed.
260 _aAmsterdam ;
_aNew York :
_bElsevier Pub. Co.,
_c1965.
300 _a548 p. :
_billus. ;
_c25 cm.
500 _aFirst ed. published in 1951 under the editorship of N.A. De Bruyne and R. Houwink.
504 _aIncludes bibliographies.
505 0 _av. 1. Adhesives.--v. 2. Applications.
650 0 _aAdhesives.
_951698
650 0 _aAdhesion.
_951699
700 1 _aHouwink, R.
_q(Roelof),
_d1897-
_eed.
_951700
700 1 _aSalomon, G.,
_eed.
_951701
942 _2ddc
_cBK
999 _c16738
_d16738